000 00785nam a2200301Ia 4500
003 OSt
005 20221006144322.0
006 a|||||r|||| 00| 0
007 ta
008 221006b |||||||| |||| 00| 0 eng d
020 _c2.00
024 _a11,415
037 _cTextual
040 _aEASL
_cEASL
_beng
041 _2eng
_aeng
082 _aU8.41.N3, G9
100 _aKIN
_9651615
245 0 _aChina
_b As a bruman saw it
260 _aRangoon
_bamerican Baptist Mission
_c1939
300 _a63p.
_ccm.
490 _v CEL
650 _a CEL
650 _a China - Burma
_9651616
650 _a China - New Capital
_9651617
650 _aChina - Felloship and Goodwill
_9651618
942 _hU8.41.N3, G9
_cTEXL
_2CC
999 _c1079501
_d1079501